000 00359nam a2200133Ia 4500
008 240624s9999 xx 000 0 und d
041 _aeng
082 _a340.04 RAM
100 _aRAMAPPA T
245 _aCOMPETITION LAW IN INDIA POLICY ISSUES A
260 _c2006
_aNew Delhi
_bOxford University press
300 _axvi, : 307 : p. : cm. ; 21
365 _cRS
_b30
999 _c8943
_d8943